000 00590nam a2200193 i 4500
001 114044
003 ES-MaACL
005 20251003165700.0
007 t|
008 061121s1903 fr |||| | fre d
100 1 _aPairault, E. A.
_988335
245 1 3 _aLe rhum et sa fabrication /
_cpar E.A. Pairault ; avec une préface de M. le Dr. A. Calmette.
260 _aParis :
_bGauthier Villars,
_c1903.
300 _aVI, 292 p. :
_bil ;
_c23 cm.
650 4 _aLicores.
_9160722
700 1 _aCalmette, Albert,
_d1863-1933
_933766
852 _aES-MaACL
_jA-1429
999 _c114044
_d114044